[Event "Campalto CIS 54th Promoz Veneto G1"]
[Site "Campalto"]
[Date "2023.05.20"]
[Round "1.3"]
[White "De Bona, Filippo"]
[Black "Carboni, Giacomo"]
[Result "1-0"]
[WhiteElo "1499"]
[BlackElo "1332"]
[PlyCount "33"]
[EventDate "2023.05.20"]
[EventType "team-tourn"]
[EventRounds "3"]
[EventCountry "ITA"]
[SourceTitle "EXT 2024"]
[Source "ChessBase"]
[SourceDate "2023.10.10"]
[SourceVersion "1"]
[SourceVersionDate "2023.10.10"]
[SourceQuality "1"]
[WhiteTeam "Trichiana"]
[BlackTeam "Bellunese"]
[WhiteTeamCountry "ITA"]
[BlackTeamCountry "ITA"]

1. d4 e5 2. dxe5 Nc6 3. Nf3 Qe7 4. Bf4 Qb4+ 5. Bd2 Qxb2 6. Nc3 Qb6 7. Nd5 Qc5 8. Nxc7+ Kd8 9. Nxa8 Nxe5 10. Nxe5 Qxe5 11. e3 Nf6 12. Be2 d5 13. Ba5+ b6 14. Nxb6 axb6 15. Bxb6+ Ke8 16. Bd4 Qg5 17. Bb5+ 1-0